00457nam a22001577a 4500020001500000041000900015082001700024100002000041245001900061260003800080300000800118650002900126942000700155952012000162999001700282 a8185063656 aUrdu a297.352bWAH aWahiduddin Khan aHaqiqath-e-Haj aNew Delhi,b Goodword Booksc1986 a112 aHajj-Pilgrimage to Mecca cBK 00104070aHMIbHMIcGENd2024-07-08eDirect Publisherg65.00l0o297.352 WAHp11-4839r2024-07-08w2024-07-08yBK c23485d23485